000 00221nam a22000977a 4500
999 _c15867
_d15867
003 OSt
008 191022b ||||| |||| 00| 0 eng d
100 _aPaniker,K M.
_94359
245 _aA survey of Indian History
942 _cBK